000 00255nam a2200097Ia 4500
001 1229329
005 20250827093059.0
008 250824s9999 xx 000 0 und d
245 0 _aÇİKOLATA KAPLI HÜZÜNLER
_cCANAN TAN
260 _bALTIN KİTAP YAYINLARI
999 _c1229329
_d1229329